00564nam a2200133 a 450000100100000000500170001000800410002704000250006824501440009326000510023730000200028895201050030899900170041300004066620201002034305.0130905s2012 dr 000 0 spa d aDO-SdBNPbspacBNPHU00aBicentenario del nacimiento del padre fundador de la República :bprogramación de los actos del bicentenario en la provincia Espaillat. aSanto Domingo :bMinisterio de Cultura,c2012. a33 p. ;c21 cm. 0010718PDaPDbPDcCTd2013-09-05iLF1l0o p40666-10r2020-06-25w2020-06-25yLFPDZNo se presta c40156d40156